书目信息 |
| 题名: |
中华文化“走出去”与海外统一战线
|
|
| 作者: | 张建明 编著 | |
| 分册: | ||
| 出版信息: | 北京 华文出版社 2019.3 |
|
| 页数: | 401页 | |
| 开本: | 24cm | |
| 丛书名: | ||
| 单 册: | ||
| 中图分类: | G125 | |
| 科图分类: | ||
| 主题词: | 文化交流--研究--中国 | |
| 电子资源: | ||
| ISBN: | 978-7-5075-5092-4 | |
| 000 | 01230nam0 2200229 45 | |
| 001 | 012001003585 | |
| 005 | 20131013155215.0 | |
| 010 | @a978-7-5075-5092-4@dCNY88.00 | |
| 100 | @a20190315d2019 em y0chiy0110 ea | |
| 101 | 0 | @achi |
| 102 | @aCN@b110000 | |
| 105 | @ay z 000yy | |
| 106 | @ar | |
| 200 | 1 | @a中华文化“走出去”与海外统一战线@Azhong hua wen hua “ zou chu qu ” yu hai wai tong yi zhan xian@f张建明编著 |
| 210 | @a北京@c华文出版社@d2019.3 | |
| 215 | @a401页@d24cm | |
| 330 | @a内容简述:文化是民族的血脉,是人民的精神家园。文化自信是更基本、更深层、更持久的力量。在国家大力推动中华文化走出去的战略背景下,为提升中华文化在海外社会的影响力和传播力,发挥文化连通民心的作用,中华文化研究中心积极推进中华文化走出去和海外统一战线理论与实务研究,以新视角探讨新时期中华文化走出去和海外华侨华人在文化传播中的作用发挥所面临的新问题,提供对策建议和浙江经验。《中华文化走出去与海外统一战线》即是由课题成果和研讨论文组成的集合。内容主要围绕中华文化走向世界、新形势下海外统一战线工作的开展以及一带一路战略背景下浙江优势的发挥和实践等相关问题开展深入研讨。 | |
| 606 | 0 | @a文化交流@x研究@y中国 |
| 690 | @aG125@v5 | |
| 701 | 0 | @a张建明@Azhang jian ming@4编著 |
| 801 | @b江苏凤凰@c20191020 | |
| 905 | @b1233333-6@dG125@e256@f4 | |
| 中华文化“走出去”与海外统一战线/张建明编著.-北京:华文出版社,2019.3 |
| 401页;24cm |
| ISBN 978-7-5075-5092-4:CNY88.00 |
| 内容简述:文化是民族的血脉,是人民的精神家园。文化自信是更基本、更深层、更持久的力量。在国家大力推动中华文化走出去的战略背景下,为提升中华文化在海外社会的影响力和传播力,发挥文化连通民心的作用,中华文化研究中心积极推进中华文化走出去和海外统一战线理论与实务研究,以新视角探讨新时期中华文化走出去和海外华侨华人在文化传播中的作用发挥所面临的新问题,提供对策建议和浙江经验。《中华文化走出去与海外统一战线》即是由课题成果和研讨论文组成的集合。内容主要围绕中华文化走向世界、新形势下海外统一战线工作的开展以及一带一路战略背景下浙江优势的发挥和实践等相关问题开展深入研讨。 |
| ● |
| 相关链接 |
|
|
|
|
正题名:中华文化"走出去"与海外统一战线
索取号:G125/256
 
预约/预借
| 序号 | 登录号 | 条形码 | 馆藏地/架位号 | 状态 | 备注 |
| 1 | 1233333 | 212333330 | 第一样本阅览室/ [索取号:G125/256] | 在馆 | |
| 2 | 1233334 | 212333349 | 第四借阅区/ [索取号:G125/256] | 在馆 | |
| 3 | 1233335 | 212333358 | 第四借阅区/ [索取号:G125/256] | 在馆 | |
| 4 | 1233336 | 212333367 | 教育系资料室/ [索取号:G125/256] | 在馆 |